MARC details
| 000 -CABECERA |
| campo de control de longitud fija |
03665cam a2200433 i 4500 |
| 001 - NÚMERO DE CONTROL |
| campo de control |
991107178460806196 |
| 005 - FECHA Y HORA DE LA ÚLTIMA TRANSACCIÓN |
| campo de control |
20260306130928.0 |
| 008 - DATOS DE LONGITUD FIJA--INFORMACIÓN GENERAL |
| campo de control de longitud fija |
220416s2022 nyu e b 001 0deng |
| 010 ## - NÚMERO DE CONTROL DE LA BIBLIOTECA DEL CONGRESO |
| Número de control de LC |
2022000863 |
| 015 ## - NÚMERO DE BIBLIOGRAFÍA NACIONAL |
| Número de bibliografía nacional |
GBC258613 |
| Fuente |
bnb |
| 016 7# - NÚMERO DE CONTROL DE UNA AGENCIA BIBLIOGRÁFICA NACIONAL |
| Número de control del registro |
020543348 |
| Fuente |
Uk |
| 020 ## - NÚMERO INTERNACIONAL ESTÁNDAR DEL LIBRO |
| Número Internacional Estándar del Libro |
9780593242537 |
| Información calificativa |
(hardcover) |
| 020 ## - NÚMERO INTERNACIONAL ESTÁNDAR DEL LIBRO |
| Número Internacional Estándar del Libro |
059324253X |
| Información calificativa |
(hardcover) |
| 020 ## - NÚMERO INTERNACIONAL ESTÁNDAR DEL LIBRO |
| Número Internacional Estándar del Libro |
9780593242551 |
| Información calificativa |
(paperback) |
| 020 ## - NÚMERO INTERNACIONAL ESTÁNDAR DEL LIBRO |
| ISBN cancelado o inválido |
9780593242544 |
| Información calificativa |
(ebook) |
| 035 ## - NÚMERO DE CONTROL DEL SISTEMA |
| Número de control de sistema |
(OCoLC)1311591831 |
| Número de control cancelado/no válido |
(OCoLC)1273479915 |
| -- |
(OCoLC)1273673527 |
| -- |
(OCoLC)1297037040 |
| -- |
(OCoLC)1302898723 |
| -- |
(OCoLC)1308411931 |
| -- |
(OCoLC)1309382540 |
| -- |
(OCoLC)1313942729 |
| -- |
(OCoLC)1329352909 |
| 035 ## - NÚMERO DE CONTROL DEL SISTEMA |
| Número de control de sistema |
(OCoLC)on1311591831 |
| 037 ## - FUENTE DE ADQUISICIÓN |
| Fuente del número de adquisición |
Random House Inc, Attn Order Entry 400 Hahn rd, Westminster, MD, USA, 21157 |
| Nota |
SAN 201-3975 |
| 040 ## - FUENTE DE LA CATALOGACIÓN |
| Centro catalogador/agencia de origen |
LBSOR/DLC |
| Lengua de catalogación |
eng |
| Normas de descripción |
rda |
| Centro/agencia transcriptor |
DLC |
| Centro/agencia modificador |
OCLCO |
| -- |
CNWPU |
| -- |
YDX |
| -- |
UKMGB |
| -- |
BDX |
| -- |
OCLCF |
| -- |
LJW |
| -- |
RNL |
| -- |
IEP |
| -- |
OCO |
| -- |
ZGR |
| -- |
VP@ |
| -- |
UAP |
| -- |
KYL |
| -- |
JYJ |
| -- |
TXSCH |
| -- |
CaOTV |
| 041 ## - CÓDIGO DE LENGUA |
| Código de lengua del texto/banda sonora o título independiente |
English |
| 042 ## - CÃDIGO DE AUTENTICACIÃN |
| Código de autenticación |
pcc |
| 043 ## - CÓDIGO DE ÁREA GEOGRÁFICA |
| Código de área geográfica |
n-us--- |
| 050 00 - SIGNATURA TOPOGRÁFICA DE LA BIBLIOTECA DEL CONGRESO |
| Número de clasificación |
BF723.R3 |
| Número de documento/Ítem |
K46 2022 |
| 100 ## - ENTRADA PRINCIPAL--NOMBRE DE PERSONA |
| Nombre de persona |
Kendi, Ibram X., |
| Término indicativo de función/relación |
author. |
| URI de un objeto del mundo real |
https://id.oclc.org/worldcat/entity/E39PBJmTpJfkcdxqFHwmd4Cfbd |
| 9 (RLIN) |
26666 |
| 245 10 - MENCIÓN DE TÍTULO |
| Título |
How to raise an antiracist |
| Mención de responsabilidad, etc. |
/ Ibram X. Kendi. |
| 250 ## - MENCIÓN DE EDICIÓN |
| Mención de edición |
First edition. |
| 264 #1 - PRODUCCIÓN, PUBLICACIÓN, DISTRIBUCIÓN, FABRICACIÓN Y COPYRIGHT |
| Producción, publicación, distribución, fabricación y copyright |
New York : |
| Nombre del de productor, editor, distribuidor, fabricante |
One World, an imprint of Random House, |
| Fecha de producción, publicación, distribución, fabricación o copyright |
[2022] |
| 300 ## - DESCRIPCIÓN FÍSICA |
| Extensión |
xxiii, 259 pages ; |
| Dimensiones |
21 cm |
| 504 ## - NOTA DE BIBLIOGRAFÍA, ETC. |
| Nota de bibliografía, etc. |
Includes bibliographical references (pages [187]-244) and index. |
| 505 ## - NOTA DE CONTENIDO CON FORMATO |
| Nota de contenido con formato |
Pregnancy -- Baby -- Toddler -- Preschooler -- Kindergartner -- First Grader -- Second Grader -- Third Grader -- Fourth Grader -- Fifth Grader -- Middle Schooler -- High Schooler -- College Student -- Adult Child. |
| 520 ## - SUMARIO, ETC. |
| Sumario, etc. |
"The tragedies and reckonings around racism that have rocked the country have created a specific crisis for parents and other caregivers: how do we talk to our children about it? How do we guide our children to avoid repeating our racist history? While we work to dismantle racist behaviors in ourselves and the world around us, how do we raise our children to be antiracists? After he wrote the National Book Award-winning Stamped from the Beginning, readers asked Ibram Kendi, "How can I be antiracist?" After the bestsellers How to Be an Antiracist and Antiracist Baby, readers began asking: "How do I raise an antiracist child?" Dr. Kendi had been pondering the same ever since he became a teacher--but the question became more personal and urgent when he found out his partner, Sadiqa, was pregnant. Like many parents, he didn't know how to answer the question--and wasn't sure he wanted to. He didn't want to educate his child on antiracism; he wanted to shield her from the toxicity of racism altogether. But research and experience helped him realize that antiracism has to be taught and modeled as early as possible--not just to armor our children against the racism still indoctrinated and normalized in their world, but to remind adults to build a more just future for us all. Following the model of his bestselling How to Be an Antiracist, Kendi combines vital scholarship with a compelling personal narrative of his own journey as a parent to create a work whose advice is grounded in research and relatable real-world experience. The chapters follow the stages of child development and don't just help parents to raise antiracists, but also to create an antiracist world for them to grow and thrive in."-- |
| Fuente proveedora |
Provided by publisher. |
| 600 #0 - PUNTO DE ACCESO ADICIONAL DE MATERIA--NOMBRE DE PERSONA |
| Nombre de persona |
Kendi, Ibram X., |
| Subdivisión general |
Family. |
| 9 (RLIN) |
26666 |
| 650 #0 - PUNTO DE ACCESO ADICIONAL DE MATERIA--TÉRMINO DE MATERIA |
| Término de materia o nombre geográfico como elemento de entrada |
Race awareness in children |
| 9 (RLIN) |
26667 |
| 650 #0 - PUNTO DE ACCESO ADICIONAL DE MATERIA--TÉRMINO DE MATERIA |
| Término de materia o nombre geográfico como elemento de entrada |
Anti-racism |
| 9 (RLIN) |
26668 |
| 650 #0 - PUNTO DE ACCESO ADICIONAL DE MATERIA--TÉRMINO DE MATERIA |
| Término de materia o nombre geográfico como elemento de entrada |
Child rearing |
| 9 (RLIN) |
26669 |
| 650 #0 - PUNTO DE ACCESO ADICIONAL DE MATERIA--TÉRMINO DE MATERIA |
| Término de materia o nombre geográfico como elemento de entrada |
African American fathers - Biography |
| Subdivisión de forma |
. |
| 650 #0 - PUNTO DE ACCESO ADICIONAL DE MATERIA--TÉRMINO DE MATERIA |
| Término de materia o nombre geográfico como elemento de entrada |
Parenting |
| 9 (RLIN) |
26671 |
| 942 ## - ELEMENTOS DE ENTRADA AGREGADA (KOHA) |
| Fuente del sistema de clasificación o colocación |
Clasificación de Library of Congress |